Jezy
Saved in:
| Format: | Book |
|---|---|
| Language: | Czech |
| Published: |
Praha :
SNTL,
1989
|
| Tags: |
No Tags, Be the first to tag this record!
|
MARC
| LEADER | 00000nam a22000003a 4500 | ||
|---|---|---|---|
| 001 | stu28151 | ||
| 005 | 20170131104156.2 | ||
| 008 | 950228s1989----xr------------------cze-d | ||
| 040 | |a STU |b slo | ||
| 041 | 0 | |a cze | |
| 044 | |a xr | ||
| 080 | |a 627.43(075.8) | ||
| 245 | |a Jezy | ||
| 260 | |a Praha : |b SNTL, |c 1989 | ||
| 300 | |a 453 s | ||
| 996 | |c V*38675/O-16244 |l VV7 |s P |a 0 |w stu28151_0001 | ||
| 996 | |c V* 38676/O-16244a |l VV7 |s P |a 0 |w stu28151_0002 | ||